| 000 | 00000nam 2200000zi 4500 |
| 001 | 9.946511 |
| 003 | CaOODSP |
| 005 | 20250110110750 |
| 006 | m o d f |
| 007 | cr mn||||||||| |
| 008 | 250106s1999 oncab o f000 0 fre d |
| 020 | |a066264252X |q(bilingue ; |qimprimé) |
| 040 | |aCaOODSP|bfre|erda|cCaOODSP |
| 043 | |an-cn---|ae-fr--- |
| 045 | |ax4x4 |
| 086 | 1 |aV32-59/1999F-PDF|zV32-59/1999 |
| 100 | 1 |aGranatstein, J. L., |eauteur. |
| 245 | 10|aNormandie 1944 / |cJ.L. Granatstein. |
| 246 | 14|aNormandie 1944-1999 : |b55e anniversaire |
| 264 | 1|a[Ottawa] : |bGouvernement du Canada, Anciens combattants = Government of Canada, Veterans Affairs, |c[1999] |
| 300 | |a1 ressource en ligne (62 pages) : |billustrations, cartes (certaines en couleur) |
| 336 | |atexte|btxt|2rdacontent/fre |
| 337 | |ainformatique|bc|2rdamedia/fre |
| 338 | |aressource en ligne|bcr|2rdacarrier/fre |
| 500 | |aPublié aussi en anglais sous le titre : Normandy 1944. |
| 500 | |a« Publié afin de marquer le 55e anniversaire des débarquements du jour J et de la campagne en Normandie » -- Verso de la couverture. |
| 500 | |a« Réalisation : Direction générale des communications, Anciens Combattants … » -- Verso de la couverture. |
| 500 | |aÉdition numérisée de l'imprimé. |
| 610 | 16|aCanada. |bArmée canadienne|xHistoire|yGuerre mondiale, 1939-1945. |
| 650 | 6|aBataille de Normandie, France, 1944. |
| 650 | 6|aGuerre mondiale, 1939-1945|zCanada. |
| 710 | 1 |aCanada. |bAnciens combattants Canada. |bDirection générale des communications, |eorganisme de publication. |
| 775 | 08|tNormandy 1944 / |w(CaOODSP)9.946510 |
| 776 | 0#|tNormandie 1944 / |w(CaOODSP)9.660996 |
| 856 | 40|qPDF|s12.60 Mo|uhttps://publications.gc.ca/collections/collection_2025/acc-vac/V32-59-1999-fra.pdf |